Quizzes
Events
Quiz Creation
Community
Videos
Private Events
Remove Ads
Sign In
Join for FREE
Feedback
Dark Mode
Quiz Categories
Sports
Geography
Music
Movies
Television
Just For Fun
Miscellaneous
History
Literature
Language
Science
Gaming
Entertainment
Religion
Holiday
For Kids
Quiz Lab
Recent
Popular Today
Quiz Kudos Today
Editor Picks
Curator Picks
Quizzes by...
Day
Popularity
Type
Ratings
Length
Year
Community
Subscriptions
Recent Discussions
Orange Saloon
Badges
Playlists
Quests
Create
Leaderboards
Showdown
Live 5
Trivia Bingo
Activity
Puzzle Library
Sporcle Events
Private Events
Virtual Trivia
Globe League
Become a Host
Pub Owners
SporcleCon
Opinionation
Our Games
Videos
Blog
Mobile Apps
Partnerships
Remove Ads and Go Orange
Feedback
Sports
Athletes
MLB
NBA
NHL
NFL
Soccer
Sports Teams
WWE
NCAA
Football
Premier League
Basketball
Baseball
Hockey
Golf
Tennis
Cricket
Rugby
Auto Racing
Olympics
World Cup
Sports
Athletes
MLB
NBA
NHL
NFL
Soccer
Sports Teams
WWE
NCAA
Football
Premier League
Basketball
Baseball
Hockey
Golf
Tennis
Cricket
Rugby
Auto Racing
Olympics
World Cup
Random Quiz
Search Sporcle
×
Quiz Lab
Quiz Lab
Sports
Nintendo
Type in answers that appear in a list
Type in answers that appear in a list
Classic
Best Score? Go Orange.
March Madness College Towns 2012 Stats
Can you name the College Towns for these March Madness Teams?
By
jklein
10m
68 Questions
144 Plays
144 Plays
144 Plays
Comments
Comments
Give Quiz Kudos
Give Quiz Kudos
-
- Ratings
hide this ad
Forced Order
Answers have to be entered in order
Answers have to be entered in order
Replay
Link that replays current quiz
Next Quiz
Link to next quiz in quiz playlist
You Got
0%
They Got
Avg Score
70%
Avg Friend Score
Upgrade to see
Score Distribution
Jump to the score distribution portion of the page
Score
0/68
Timer
10:00
0
Plays Today
Team
City
% Correct
Syracuse
Syracuse
97.2%
Ohio State
Columbus
95.8%
Cincinnati
Cincinnati
94.4%
San Diego State
San Diego
94.4%
Louisville
Louisville
93.8%
UNLV
Las Vegas
93.8%
Georgetown
Washington
93.1%
Memphis
Memphis
93.1%
Saint Louis
St Louis
93.1%
North Carolina
Chapel Hill
92.4%
Kentucky
Lexington
91%
Duke
Durham
91%
Wichita State
Wichita
91%
Texas
Austin
91%
Michigan State
East Lansing
90.3%
Michigan
Ann Arbor
90.3%
Florida State
Tallahassee
89.6%
Wisconsin
Madison
89.6%
Temple
Philadelphia
89.6%
Detroit
Detroit
89.6%
North Carolina State
Raleigh
86.1%
Vanderbilt
Nashville
85.4%
Florida
Gainesville
85.4%
Baylor
Waco
84.7%
Notre Dame
South Bend
84.7%
Colorado
Boulder
84.7%
UNC Asheville
Asheville
84.7%
Long Beach State
Long Beach
84%
Marquette
Milwaukee
81.9%
Indiana
Bloomington
81.3%
Alabama
Tuscaloosa
81.3%
Xavier
Cincinnati
81.3%
LIU Brooklyn
Brooklyn
80.6%
Kansas
Lawrence
79.2%
Team
City
% Correct
West Virginia
Morgantown
79.2%
Norfolk State
Norfolk
79.2%
Gonzaga
Spokane
77.1%
Creighton
Omaha
76.4%
Kansas State
Manhattan
75%
Connecticut
Storrs
74.3%
New Mexico
Albuquerque
72.9%
Virginia Commonwealth
Richmond
72.9%
South Florida
Tampa
72.2%
Missouri
Columbia
71.5%
California
Berkeley
71.5%
Brigham Young
Provo
71.5%
Iowa State
Ames
70.8%
Virginia
Charlottesville
66%
Harvard
Cambridge
64.6%
Murray State
Murray
63.9%
Purdue
West Lafayette
63.9%
Davidson
Davidson
62.5%
Belmont
Nashville
58.3%
Loyola Maryland
Baltimore
57.6%
Colorado State
Fort Collins
49.3%
Southern Mississippi
Hattiesburg
47.2%
Vermont
Burlington
45.1%
New Mexico State
Las Cruces
43.8%
Ohio University
Athens
43.8%
Montana
Missoula
38.2%
Western Kentucky
Bowling Green
34.7%
Lehigh
Bethlehem
30.6%
Iona
New Rochelle
20.1%
Saint Mary's
Moraga
17.4%
Saint Bonaventure
Saint Bonaventure
14.6%
Lamar
Beaumont
13.2%
South Dakota State
Brookings
11.1%
Mississippi Valley State
Itta Bena
8.3%
Quiz Playlist
Details
Report
Send in Message
Add To Playlist
Classic:
Type in answers that appear in a list
Forced Order:
Answers have to be entered in order
Last Updated: Feb 16, 2017
Quiz Scoreboard
CHALLENGE
Sign Up to Join the Scoreboard
Show All
Scores
Hide
Comments
May contain spoilers
Recently Published
Presidents Visiting Landmarks
by Hejman
History
7m
An Introduction to Baseball
by treessimontrees
Sports
5m
Movies - When Are They Set?
by FPL_Elf
Movies
5m
More to Explore
Quiz From the Vault
Featured Blog Post
Where Did the Easter Bunny Come From?
hide this ad
You Might Also Like...
Tags
City Quiz
College Quiz
Nintendo Quiz
State Quiz
2012
College Towns
madness
March
March Madness
team
Town
Today's Top Quizzes in Sports
Browse Sports
hide this ad
Today's Top Quizzes in Nintendo
Browse Nintendo
Top Contributed Quizzes in Sports
1
Les meilleurs buteurs des matchs entre le PSG et l’OM
2
2022 World Cup Stars
3
FIFA Club World Cup Champions
4
Les entraîneurs de l'OM et du PSG au 21e siècle
5
Name the Premier League winners with different clubs
6
La finale Lions - Afrique du Sud 2021
7
England Test cricketers to play under Nasser Hussain
8
5-to-1: UK Sports Teams
9
Les joueurs passés par le LOSC et le RC Lens
10
Criteria MLB: Left Handed Sluggers
Explore More
Trending Topics
Kpop
Anime
Marvel
Disney
Crossword
Harry Potter
NBA
Soccer
The Office
NFL
Song
Pokémon
WWE
Country
Puzzle
hide this ad
More By:
jklein
Quiz
Plays
Rating
Category
Featured
Created
March Madness College Towns 2012
144
1.00
Sports
Mar 17, 2012
Go to Creator's Profile
Score Distribution
Quiz Creator Spotlight
jklein
Follow
Send a Message
Quizzes Created
-
Created Quiz Play Count
-
More By This Creator
Popular Quizzes Today
1
Find the Countries of Europe - No Outlines Minefield
2
Find the US States - No Outlines Minefield
3
The Countries of the World
4
Popular People in 1961
5
Find the US States
6
US States
7
1-10 Letter E Words III
8
Risky Map Clicking: Biggest States A-Z
More Sports Quizzes
Mavericks Crossword
Quiz Lab
Trending Quizzes
Risky Map Clicking: Least Populous States A-Z
1-10 Letter F Words
1-10 Letter G Words
One Thing in Common: United Kingdom
Risky Map Clicking: Next State Alphabetically
Recently Updated
Leaping Animals
pecheneg
Reality TV Shows (A-Z)
bhenderson79
Rickey Henderson's Hall of Fame Teammates
pecheneg
Champions League XIs: Arsenal
pecheneg
Quick Pick: Celebrities in WWE's Hall of Fame
aduchscher
A-Z Keypad Blitz II
pecheneg
Multiple Oscar Actors
pecheneg
Mystery Phrase Blitz: Oscar 'Best Actors'
pecheneg
F. Scott Fitzgerald Novels
LTH
Pick 3 Villains
ddd62291
Trending Topics
Harry Potter
Disney
Anime
NBA
Kpop
Marvel
Crossword
Soccer
Puzzle
Song
WWE
The Office
Country
Pokémon
NFL
Your Account Isn't Verified!
In order to create a playlist on Sporcle, you need to verify the email address you used during registration. Go to your
Sporcle Settings
to finish the process.
Report this User
Report this user for behavior that violates our
Community Guidelines
.
Details:
Send Report
Go to the Sporcle.com Mobile Site →
Comments